<?xml version='1.0' encoding='UTF-8'?>
  <record xmlns="http://www.loc.gov/MARC21/slim">
    <leader>00000cam a22000007i 4500</leader>
    <controlfield tag="001">ocm66804163</controlfield>
    <controlfield tag="003">OCoLC</controlfield>
    <controlfield tag="005">20260225093652.8</controlfield>
    <controlfield tag="008">031214s1586    fr a          000 0 ger d</controlfield>
    <datafield tag="040" ind1=" " ind2=" ">
      <subfield code="a">NLGGC</subfield>
      <subfield code="b">eng</subfield>
      <subfield code="e">rda</subfield>
      <subfield code="e">dcrmr</subfield>
      <subfield code="c">NLGGC</subfield>
      <subfield code="d">QGJ</subfield>
      <subfield code="d">OCLCO</subfield>
      <subfield code="d">OCLCF</subfield>
      <subfield code="d">OCLCA</subfield>
      <subfield code="d">OCLCO</subfield>
      <subfield code="d">OCLCL</subfield>
      <subfield code="d">QGJ</subfield>
    </datafield>
    <datafield tag="029" ind1="0" ind2=" ">
      <subfield code="a">NLGGC</subfield>
      <subfield code="b">257679928</subfield>
    </datafield>
    <datafield tag="035" ind1=" " ind2=" ">
      <subfield code="a">(OCoLC)66804163</subfield>
    </datafield>
    <datafield tag="041" ind1="1" ind2=" ">
      <subfield code="a">ger</subfield>
      <subfield code="h">lat</subfield>
    </datafield>
    <datafield tag="100" ind1="1" ind2=" ">
      <subfield code="a">Hotman, François,</subfield>
      <subfield code="d">1524-1590,</subfield>
      <subfield code="e">author.</subfield>
      <subfield code="4">aut</subfield>
      <subfield code="1">https://id.oclc.org/worldcat/entity/E39PBJx4hJ9bt4Xw3JBX4WvmBP</subfield>
    </datafield>
    <datafield tag="240" ind1="1" ind2="0">
      <subfield code="a">Brutum fulmen Papae Sixti V.</subfield>
      <subfield code="l">German</subfield>
    </datafield>
    <datafield tag="245" ind1="1" ind2="4">
      <subfield code="a">Der Vnvernünfftige vnd Vnsinnige Ban[n]strahl des Römischen Antichristischen Bapsts Sixten des V. dieses Namens, welchen der Hellische Statthalter des Teüffels, im nächst abgelauffnem M.D.LXXXV. Jahr, auss der Newe[n] Statt Babylon, sonst Rom genan[n]t, wider den Grossmächtigsten König Heinrichen zu Nauarren, vnd den Durchleüchtigen Hertzogen Heinrichen zu Bourbon vnd Printzen zu Conde, sampt allen Gläubigen vnd Bekennern, Hohes vnd Nideres Standts, der Wahren Christlichen Religion, in Franckreich wohnende[n], mit grewlicher Vngestümmigkeit vnd Vnsinnigkeit, auss lauterm Neidt vn[d] Hass in Franckreich geschossen, darauss ein schröckliche Brunst, Blutbad vnd Entpörung entstanden. :</subfield>
      <subfield code="b">Mitt einer angehenckten Wolgegründten Widerlegung vnnd Erklärung desselbigen Ban[n]brieffs, vnnd Entdeckung vieler schröcklicher vnnd grewlicher Gottslästerungen vnnd Jrrthummen der Römischen Bäpstlichen Religion vn[d] Glaubens, die auss H. Göttlicher Schrifft, beiden Rechten, Geistlichem vnd Weltlichem, der Alten Lehrer vndd Väter Schrifften, der wahren Concilien Satzungen, vnnd bewehrten Historien verworffen vnd verdampt werden, /</subfield>
      <subfield code="c">mit sonderm Fleiss vnd Mühe auss Lateinischer Spraach in die Teütsche gebracht, Durch Alonicum Meliphrona Theutofrancum, der Wahren Christlichen Religion vnd Freyheit studiosum.</subfield>
    </datafield>
    <datafield tag="246" ind1="3" ind2=" ">
      <subfield code="a">Unvernünfftige und Unsinnige Bannstrahl des Römischen Antichristischen Bapsts Sixten des V. dieses Namens, welchen der hellische Statthalter des Teüffels, im nächst abgelauffnem M.D.LXXXV. Jahr, auss der Newen Statt Babylon</subfield>
    </datafield>
    <datafield tag="246" ind1="1" ind2="7">
      <subfield code="a">Widerlägung dess Ban[n]strahls, Bapst Sixten dess V.</subfield>
    </datafield>
    <datafield tag="264" ind1=" " ind2="1">
      <subfield code="a">Getruckt zu Passfurth am Rhein, :</subfield>
      <subfield code="b">Durch Die Gemeinen Liebhaber vnd Furderer der Christenlichen Wahrheit vnd Freyheit,</subfield>
      <subfield code="c">M.D.LXXXVI [1586].</subfield>
    </datafield>
    <datafield tag="300" ind1=" " ind2=" ">
      <subfield code="a">[32], 205, [2] pages :</subfield>
      <subfield code="b">illustrations ;</subfield>
      <subfield code="c">20 cm (4to)</subfield>
    </datafield>
    <datafield tag="336" ind1=" " ind2=" ">
      <subfield code="a">text</subfield>
      <subfield code="b">txt</subfield>
      <subfield code="2">rdacontent</subfield>
    </datafield>
    <datafield tag="337" ind1=" " ind2=" ">
      <subfield code="a">unmediated</subfield>
      <subfield code="b">n</subfield>
      <subfield code="2">rdamedia</subfield>
    </datafield>
    <datafield tag="338" ind1=" " ind2=" ">
      <subfield code="a">volume</subfield>
      <subfield code="b">nc</subfield>
      <subfield code="2">rdacarrier</subfield>
    </datafield>
    <datafield tag="340" ind1=" " ind2=" ">
      <subfield code="m">4to</subfield>
      <subfield code="2">rdabf</subfield>
    </datafield>
    <datafield tag="500" ind1=" " ind2=" ">
      <subfield code="a">Publication statement taken from colophon, which reads: "Getruckt zu Passfurth am Rhein, Durch Die Gemeinen Liebhaber vnd Furderer der Christenlichen Wahrheit vnd Freyheit, im Jahr nach der Menschwerdung Vnsers Erlösers vnd Ertzhirten Ihesu Christi, M.D.LXXXVI. Auff den XXI. Tag Herbst Monats, ..."</subfield>
    </datafield>
    <datafield tag="500" ind1=" " ind2=" ">
      <subfield code="a">Fictitious imprint; imprint according to VD 16: Strassburg : Bernhard Jobin, 1586.</subfield>
    </datafield>
    <datafield tag="500" ind1=" " ind2=" ">
      <subfield code="a">Alonicus Meliphron Theutofrancus is a pseudonym of Johann Fischart.</subfield>
    </datafield>
    <datafield tag="500" ind1=" " ind2=" ">
      <subfield code="a">Translation of François Hotman's P. Sixti V. fulmen brutum in Henricum sereniss. Regem Navarrae, &amp; illustriss. Henricum Borbonium, Principem olim Condaeum, evibratum, which was published anonymously.</subfield>
    </datafield>
    <datafield tag="500" ind1=" " ind2=" ">
      <subfield code="a">Includes a translation of the bull: Declaratio contra Henricum Borbonium (6th-12th preliminary leaves).</subfield>
    </datafield>
    <datafield tag="500" ind1=" " ind2=" ">
      <subfield code="a">Signatures: †-†††⁴ A-V⁴ W⁴ X-Z⁴ Aa-Cc⁴ (A4 is blank).</subfield>
    </datafield>
    <datafield tag="500" ind1=" " ind2=" ">
      <subfield code="a">With initials, tail-pieces and printed marginalia.</subfield>
    </datafield>
    <datafield tag="500" ind1=" " ind2=" ">
      <subfield code="a">Also on title page: "Dass hierin[n] klärlich zuschen ist, dass der gröste Theil der Christenheit, fürnemlich vmb sieben schröcklicher, Gottslästerlicher Laster willen, von dem Bapstumb abgetretten seye, vn[d] eben vmb derselbigen Vrsache noch heütigs Tags das Bapstumb, als des Antichristi Reich, verdam[m]e vnd verwerffe. Erst Newlich, Allen Chrislichen Potentaten, vnd allen Ständen, Geistlichen vn[d] Weltlichen, Hoher vnnd Niderer Würdigkeit, Teütscher Nation zur trewen Warnung, Lehr, Nutz vnd Wollfahrt, das Bapstumb zuuermeyden, vnd als ein schädliches Seelen Gifft zu fliehe[n],"</subfield>
    </datafield>
    <datafield tag="500" ind1=" " ind2=" ">
      <subfield code="a">Pagination error: page 91 misnumbered 19.</subfield>
    </datafield>
    <datafield tag="500" ind1=" " ind2=" ">
      <subfield code="a">Errata on recto of last leaf.</subfield>
    </datafield>
    <datafield tag="510" ind1="4" ind2=" ">
      <subfield code="a">Verzeichnis der im deutschen Sprachbereich erschienenen Drucke des 16. Jahrhunderts (VD 16),</subfield>
      <subfield code="c">K 515</subfield>
      <subfield code="u">https://gateway-bayern.de/VD16+K+515</subfield>
    </datafield>
    <datafield tag="510" ind1="4" ind2=" ">
      <subfield code="a">Rijksuniversiteit te Utrecht. Pamfletten niet voorkomende in afzonderlijk gedrukte catalogi der verzamelingen in andere openbare Nederlandsche bibliotheken,</subfield>
      <subfield code="c">373</subfield>
    </datafield>
    <datafield tag="520" ind1=" " ind2=" ">
      <subfield code="a">A satirical vindication of Henry IV and Condé from their excommunication by Pope Sixtus V. It advocated the abolition of Salic law and proposed that the French monarchy should be elective.</subfield>
    </datafield>
    <datafield tag="651" ind1=" " ind2="0">
      <subfield code="a">France</subfield>
      <subfield code="x">History</subfield>
      <subfield code="y">Wars of the Huguenots, 1562-1598.</subfield>
    </datafield>
    <datafield tag="600" ind1="0" ind2="0">
      <subfield code="a">Henry</subfield>
      <subfield code="b">IV,</subfield>
      <subfield code="c">King of France,</subfield>
      <subfield code="d">1553-1610.</subfield>
    </datafield>
    <datafield tag="600" ind1="1" ind2="0">
      <subfield code="a">Condé, Henri I de Bourbon,</subfield>
      <subfield code="c">prince de,</subfield>
      <subfield code="d">1552-1588.</subfield>
    </datafield>
    <datafield tag="600" ind1="0" ind2="0">
      <subfield code="a">Sixtus</subfield>
      <subfield code="b">V,</subfield>
      <subfield code="c">Pope,</subfield>
      <subfield code="d">1520-1590.</subfield>
    </datafield>
    <datafield tag="610" ind1="2" ind2="0">
      <subfield code="a">Catholic Church</subfield>
      <subfield code="x">Controversial literature.</subfield>
    </datafield>
    <datafield tag="651" ind1=" " ind2="6">
      <subfield code="a">France</subfield>
      <subfield code="x">Histoire</subfield>
      <subfield code="y">1562-1598 (Guerres de religion)</subfield>
    </datafield>
    <datafield tag="600" ind1="1" ind2="7">
      <subfield code="a">Condé, Henri I de Bourbon,</subfield>
      <subfield code="c">prince de,</subfield>
      <subfield code="d">1552-1588</subfield>
      <subfield code="2">fast</subfield>
      <subfield code="1">https://id.oclc.org/worldcat/entity/E39PBJpJcK7BHwdJcCJgXwbDbd</subfield>
    </datafield>
    <datafield tag="600" ind1="0" ind2="7">
      <subfield code="a">Henry</subfield>
      <subfield code="b">IV,</subfield>
      <subfield code="c">King of France,</subfield>
      <subfield code="d">1553-1610</subfield>
      <subfield code="2">fast</subfield>
      <subfield code="1">https://id.oclc.org/worldcat/entity/E39PBJqqCBHgdkX6wVwPt8rTHC</subfield>
    </datafield>
    <datafield tag="600" ind1="0" ind2="7">
      <subfield code="a">Sixtus</subfield>
      <subfield code="b">V,</subfield>
      <subfield code="c">Pope,</subfield>
      <subfield code="d">1520-1590</subfield>
      <subfield code="2">fast</subfield>
      <subfield code="1">https://id.oclc.org/worldcat/entity/E39PBJbtp9t6YKGw9tMGgpj6Kd</subfield>
    </datafield>
    <datafield tag="610" ind1="2" ind2="7">
      <subfield code="a">Catholic Church</subfield>
      <subfield code="2">fast</subfield>
    </datafield>
    <datafield tag="647" ind1=" " ind2="7">
      <subfield code="a">Wars of the Huguenots</subfield>
      <subfield code="c">(France :</subfield>
      <subfield code="d">1562-1598)</subfield>
      <subfield code="2">fast</subfield>
      <subfield code="1">https://id.oclc.org/worldcat/entity/E39Qhp4vB9BhMy3bgGCqQGgxhb</subfield>
    </datafield>
    <datafield tag="648" ind1=" " ind2="7">
      <subfield code="a">1562-1598</subfield>
      <subfield code="2">fast</subfield>
    </datafield>
    <datafield tag="651" ind1=" " ind2="7">
      <subfield code="a">France</subfield>
      <subfield code="2">fast</subfield>
      <subfield code="1">https://id.oclc.org/worldcat/entity/E39PBJd8gD4vdtqQMdQHvYqbBP</subfield>
    </datafield>
    <datafield tag="655" ind1=" " ind2="7">
      <subfield code="a">Controversial literature</subfield>
      <subfield code="2">fast</subfield>
    </datafield>
    <datafield tag="655" ind1=" " ind2="7">
      <subfield code="a">History</subfield>
      <subfield code="2">fast</subfield>
    </datafield>
    <datafield tag="700" ind1="1" ind2=" ">
      <subfield code="a">Meliphron Theutofrancus, Alonicus,</subfield>
      <subfield code="d">1546-1590,</subfield>
      <subfield code="e">translator.</subfield>
      <subfield code="4">trl</subfield>
      <subfield code="1">https://id.oclc.org/worldcat/entity/E39PCjtDgkF98PTBFHychckT6q</subfield>
    </datafield>
    <datafield tag="700" ind1="1" ind2=" ">
      <subfield code="a">Jobin, Bernhard,</subfield>
      <subfield code="d">approximately 1545-1593,</subfield>
      <subfield code="e">printer.</subfield>
      <subfield code="4">prt</subfield>
      <subfield code="1">https://id.oclc.org/worldcat/entity/E39PCjBCmDWpQ99R3PYp98GKtX</subfield>
    </datafield>
    <datafield tag="710" ind1="2" ind2="2">
      <subfield code="a">Catholic Church.</subfield>
      <subfield code="b">Pope (1585-1590 : Sixtus V).</subfield>
      <subfield code="t">Declaratio contra Henricum Borbonium.</subfield>
      <subfield code="l">German.</subfield>
      <subfield code="f">1586.</subfield>
    </datafield>
    <datafield tag="752" ind1=" " ind2=" ">
      <subfield code="a">France</subfield>
      <subfield code="d">Strasbourg,</subfield>
      <subfield code="e">publication place.</subfield>
      <subfield code="4">pup</subfield>
    </datafield>
  </record>